Central Library OPAC University of Rajshahi

Halls of residence / (Record no. 46805)

MARC details
000 -LEADER
fixed length control field 00683nam a2200217 a 4500
001 - CONTROL NUMBER
control field 46805
003 - CONTROL NUMBER IDENTIFIER
rucl marc code BD-RjUL
005 - DATE AND TIME OF LATEST TRANSACTION
control field 20211209054216.0
008 - FIXED-LENGTH DATA ELEMENTS--GENERAL INFORMATION
fixed length control field 160804s1953 nz b 001 0 eng
035 ## - SYSTEM CONTROL NUMBER
System control number (BD-RjUL)46924
040 ## - CATALOGING SOURCE
Original cataloging agency DLC
Transcribing agency CarP
Modifying agency DLC
-- BD-RjUL
Language of cataloging eng
041 ## - LANGUAGE CODE
Language code of text/sound track or separate title eng
082 ## - DEWEY DECIMAL CLASSIFICATION NUMBER
Edition number 23
Classification number 378.19871
Author mark and year TUH 1953
100 1# - MAIN ENTRY--PERSONAL NAME
Personal name Turner, Harold Walter. [from old catalog]
9 (RLIN) 142609
245 10 - TITLE STATEMENT
Title Halls of residence /
Statement of responsibility, etc. Harold Walter Turner
260 ## - PUBLICATION, DISTRIBUTION, ETC. (IMPRINT)
Place of publication, distribution, etc. [Wellington] :
Name of publisher, distributor, etc. New Zealand Council for Educational Research,
Date of publication, distribution, etc. 1953.
300 ## - PHYSICAL DESCRIPTION
Pagination 170 p. ;
Size 23 cm.
490 ## - SERIES STATEMENT
Series statement Educational research series,
Volume/sequential designation no. 34.
650 #0 - SUBJECT ADDED ENTRY--TOPICAL TERM
Topical term or geographic name as entry element Dormitories
Geographic subdivision New Zealand.
9 (RLIN) 142610
942 ## - ADDED ENTRY ELEMENTS (KOHA)
Source of classification or shelving scheme Dewey Decimal Classification
Koha item type Books
Holdings
Lost status Source of classification or shelving scheme Damaged status Not for loan Collection code Permanent Location Current Location Shelving location Date acquired Source of acquisition Cost, normal purchase price Total Checkouts Full call number Date last seen Copy number Koha item type
  Dewey Decimal Classification     Non-fiction Central Library, University of Rajshahi Central Library, University of Rajshahi   18/11/1957 Oxford University Press 15.00   378.19871 TUH 1953 04/08/2016 C-2 Books